Joueurs ayant gagné la Ligue 1 - Statistiques

Statistiques générales
  • Ce quiz a été pris 145 fois
  • Le résultat moyen est 7 sur 16
Answers on the Grid
Answers color-coded by a green-red scale on the quiz's grid according to % correct below.
Henri Bedimo
Vitorino Hilton
Younès Belhanda
Marco Verratti
Edinson Cavani
Yohan Cabaye
Pierre Ducasse
Benoît Cheyrou
Éric Di Meco
Sylvain Armand
Nicolas Savinaud
Franck Ribéry
Samir Nasri
Andy Delort
Roman Kosecki
Johan Micoud
Gervinho
Sven Botman
Aurélien Chedjou
Mickaël Landreau
Didier Drogba
 
Statistiques - réponses
Réponse % Correct
Edinson Cavani
88%
Marco Verratti
88%
Vitorino Hilton
71%
Yohan Cabaye
61%
Mickaël Landreau
54%
Younès Belhanda
46%
Gervinho
41%
Benoît Cheyrou
37%
Éric Di Meco
34%
Aurélien Chedjou
29%
Henri Bedimo
29%
Sven Botman
29%
Sylvain Armand
29%
Johan Micoud
22%
Nicolas Savinaud
20%
Pierre Ducasse
17%
Aucun quiz correspondant
Distribution des résultats
% des personnes avec chaque résultat
Percentile par nombre de réponses
Votre historique - résultats
Vous n’avez pas pris ce quiz